| 000 | 00513nam a2200181Ia 4500 | ||
|---|---|---|---|
| 999 |
_c16550 _d16550 |
||
| 003 | OSt | ||
| 005 | 20200606115938.0 | ||
| 008 | 190216s9999||||xx |||||||||||||| ||und|| | ||
| 020 | _a8188964026 | ||
| 040 | _cMESKC library | ||
| 082 |
_a891.433 _bRAK/H |
||
| 100 |
_aRakesh,Nilam _9410 |
||
| 245 | 0 |
_aHimmath Ne Jithi Baji / _cNilam Rakesh |
|
| 260 |
_bAnkitha Prakashan, _c2006. _aAllahabad: |
||
| 300 | _a104p | ||
| 650 | _aHindi | ||
| 942 |
_cBK _2ddc _h891.433 _iRAK/H _k891.433 _mRAK/H |
||